000 00489nam a22002057a 4500
003 UA-OsUOA
001 41178
007 ta
008 20060918b un ||||| |||| 00| 0 ukr d
100 _aMorin E.
090 _a94(438)
942 _cBK
040 _aUA-OsUOA
_bpol
_cUA-OsUOA
_dUA-OsUOA
245 _aO naturce zwiaku radziecksego
300 _a176 с.
955 _a2
041 _apol
080 _a94(438)
650 7 _a9 Географія. Біографії. Історія
_2UDC
999 _c327320
_d327320